| 000 | 01304nam1a22003011i 4500 | ||
|---|---|---|---|
| 001 | rc\2212530 | ||
| 005 | 20240726010754.0 | ||
| 035 | _a(NLR Aleph) 006696564 | ||
| 090 |
_a5200279 _c5200279 |
||
| 100 | _a20110829d1978 |||y0rusy50 ca | ||
| 101 | 0 | _arus | |
| 102 | _aRU | ||
| 105 | _a g ||||| | ||
| 200 | 1 |
_aПриборы и системы для измерения вибрации, шума и удара _eСправочник _eВ 2-х кн. _f[Р.В. Васильева, Д.А. Гречинский, В.В. Клюев и др.] _gПод ред. В.В. Клюева |
|
| 210 |
_aМосква _cМашиностроение _d1978 |
||
| 215 | _d22 | ||
| 606 |
_aШумомеры _jСправочники _2psbo |
||
| 606 |
_aУдар (мех.) _xИзмерение _xАппаратура _jСправочники _2psbo |
||
| 606 |
_aВиброизмерительная аппаратура _jСправочники _2psbo |
||
| 701 | 1 |
_aВасильева _bР.В. _gРимма Васильевна |
|
| 701 | 1 |
_aГречинский _bД.А. |
|
| 702 | 1 |
_aКлюев _bВ.В. _gВладимир Владимирович _4570 |
|
| 801 | 0 |
_aRU _bNLR _gpsbo |
|
| 801 | 1 |
_aRU _bELAR _2rusmarc |
|
| 852 |
_aNLR _j79-5/759 |
||
| 899 |
_aRuMoRGB _jБ 78-51/1864 |
||
| 899 |
_aRuMoRGB _jБ 78-51/1865 |
||
| 942 | _cBOOK | ||